[Event "34th Chess Olympiad (men)"]
[Site "Istanbul"]
[Date "2000.11.12"]
[Round "14.39.2"]
[White "Echavarria, Johann"]
[Black "Peralta, Eduardo"]
[WhiteElo "2328"]
[BlackElo "2330"]
[WhiteCountry "COL"]
[BlackCountry "PAR"]
[Result "1-0"]

1. e4 c5 2. Nf3 Nc6 3. d4 cxd4 4. Nxd4 Nf6 5. Nc3 e6 6. Ndb5 Bb4 7. a3 Bxc3+ 
8. Nxc3 d5 9. exd5 exd5 10. Bd3 O-O 11. O-O d4 12. Ne2 h6 13. Ng3 Re8 
14. Nh5 Ne5 15. Nxf6+ Qxf6 16. Be4 Bf5 17. Bxf5 Qxf5 18. Qxd4 Qxc2 19. Be3 b6 
20. Rac1 Qg6 21. Qa4 Ng4 22. Rc6 Qh5 23. Bf4 Re2 24. h3 Nf6 25. Rxb6 Re4 
26. Rb4 Rae8 27. Rxe4 Rxe4 28. Qxa7 Qe2 29. Qb8+ Kh7 30. Rc1 g5 31. Qb3 Qh5 
32. Qg3 Qg6 33. Rc7 Kg8 34. Rc8+ Kg7 35. Qc3 h5 36. Be5 Qf5 37. Bxf6+ Qxf6 
38. Rg8+ Qxf6 39. Rg8+ 
1-0

[Event "34th Chess Olympiad (men)"]
[Site "Istanbul"]
[Date "2000.11.12"]
[Round "14.40.1"]
[White "Nilssen, John Arni"]
[Black "Hakki, Imad"]
[WhiteElo "2354"]
[BlackElo "2429"]
[WhiteCountry "FAI"]
[BlackCountry "SYR"]
[Result "1-0"]

1. d4 Nf6 2. c4 e6 3. Nc3 Bb4 4. e3 c5 5. Bd3 Nc6 6. Nge2 d5 7. cxd5 exd5 
8. a3 cxd4 9. exd4 Bxc3+ 10. bxc3 h6 11. O-O O-O 12. f3 Re8 13. g4 Na5 
14. Kh1 Nc4 15. Rg1 Nh7 16. Nf4 Ng5 17. Qf1 Qa5 18. Ra2 Nd6 19. h4 Nge4 
20. fxe4 dxe4 21. Be2 Qxc3 22. Qd1 Bd7 23. Bd2 Qxd4 24. Bb4 Nb5 25. Rd2 Qf2 
26. Rxd7 
1-0

[Event "34th Chess Olympiad (men)"]
[Site "Istanbul"]
[Date "2000.11.12"]
[Round "14.41.1"]
[White "Lungu, Nase"]
[Black "Mas, Hafizul Hilmi"]
[WhiteElo "2200"]
[BlackElo "2441"]
[WhiteCountry "ZAM"]
[BlackCountry "MAS"]
[Result "0-1"]

1. c4 e5 2. Nc3 Nf6 3. g3 Bb4 4. Bg2 O-O 5. Nf3 Bxc3 6. bxc3 d6 7. O-O Nc6 
8. d3 h6 9. e4 Bg4 10. h3 Be6 11. Kh2 Nh7 12. Nh4 Kh8 13. Qe1 g5 14. Nf5 Bxf5 
15. exf5 Qd7 16. f4 exf4 17. gxf4 Rae8 18. Qg3 f6 19. Rb1 b6 20. Rb2 Ne7 
21. Rbf2 Rf7 22. Qg4 Ref8 23. Qh5 Kg7 24. Bd5 Nxd5 25. cxd5 Rg8 26. fxg5 hxg5 
27. Re1 Nf8 28. Qg4 Qd8 29. c4 Nd7 30. Re6 Rh8 31. Bb2 Kf8 32. Re3 Rh4 
33. Qe2 Ne5 34. Bxe5 dxe5 35. Re4 Rfh7 36. Rxh4 Rxh4 37. Rf3 Qe7 38. Kg2 Qh7 
39. Qe3 Rf4 40. Rxf4 gxf4 41. Qf3 Qxf5 42. a4 Ke7 43. Kf1 a5 44. Ke2 Qd7 
45. Qh5 Qxa4 46. Qh7+ Kd6 47. Qf5 Kc5 48. Qxf6 Qc2+ 49. Ke1 Qc1+ 50. Kf2 Qe3+ 
51. Kg2 Qg3+ 
0-1

[Event "34th Chess Olympiad (men)"]
[Site "Istanbul"]
[Date "2000.11.12"]
[Round "14.41.2"]
[White "Mok, Tze-Meng"]
[Black "Chumfwa, Stanley"]
[WhiteElo "2308"]
[BlackElo "2200"]
[WhiteCountry "MAS"]
[BlackCountry "ZAM"]
[Result "1/2-1/2"]

1. e4 c5 2. Nf3 Nc6 3. d4 cxd4 4. Nxd4 Nf6 5. Nc3 e5 6. Ndb5 d6 7. Bg5 a6 
8. Na3 b5 9. Nd5 Be7 10. Bxf6 Bxf6 11. c3 O-O 12. Nc2 Rb8 13. Be2 Bg5 
14. Bg4 Be6 15. Ncb4 Qd7 16. Bxe6 fxe6 17. Qg4 Nxb4 18. Nxb4 Bh6 19. O-O Rf4 
20. Qe2 Qb7 21. f3 Bg5 22. Rfd1 Be7 23. Rd2 Rbf8 24. a4 a5 25. Nd3 R4f7 
26. axb5 Qxb5 27. Nc1 Qb6+ 28. Qf2 Qc7 29. Kh1 d5 30. exd5 exd5 31. Rxd5 e4 
32. Raxa5 exf3 33. g3 Bd6 34. Nd3 Re8 35. Rf5 g6 36. Rxf7 Qxf7 37. Qd4 Re1+ 
38. Nxe1 f2 
1/2-1/2

[Event "34th Chess Olympiad (men)"]
[Site "Istanbul"]
[Date "2000.11.12"]
[Round "14.41.3"]
[White "Phiri, Payani"]
[Black "Wong, Zi Jing"]
[WhiteElo "2114"]
[BlackElo "2300"]
[WhiteCountry "ZAM"]
[BlackCountry "MAS"]
[Result "0-1"]

1. e4 c5 2. Nf3 d6 3. d4 cxd4 4. Nxd4 Nf6 5. Nc3 a6 6. Bc4 e6 7. Bb3 Nbd7 
8. O-O Nc5 9. Re1 Be7 10. f4 O-O 11. e5 dxe5 12. fxe5 Nxb3 13. axb3 Bc5 
14. Be3 Nd5 15. Nxd5 Qxd5 16. Nf3 Rd8 17. Qxd5 Bxe3+ 18. Rxe3 Rxd5 19. Kf2 Kf8 
20. c3 Ke7 21. Re4 Bd7 22. Ke3 Rc8 23. b4 Be8 24. Nd4 Rdd8 25. Rg4 Rd5 
26. Re4 Rdd8 27. Rf1 Bd7 28. g4 Rf8 29. g5 Rh8 30. Ref4 Rcf8 31. h4 h6 
32. gxh6 Rxh6 33. Rg1 Rh7 34. Rfg4 Rfh8 35. Rxg7 Rxg7 36. Rxg7 Rxh4 37. Nf3 Rh3 
38. Kf4 Be8 39. Rg2 Bc6 40. Rf2 Rh1 41. Nd4 Bd5 42. Ke3 Rh4 43. Kd3 Rh3+ 
44. Kd2 Rh5 45. Re2 f6 46. exf6+ Kxf6 47. Nc2 e5 48. Rf2+ Ke6 49. Ne3 Be4 
50. c4 Rh8 51. Kc3 Rh3 52. Kd2 Bc6 53. Re2 e4 54. Rg2 Rh5 55. b3 Ke5 
56. Rg7 Rh2+ 57. Rg2 Rh5 58. Rg7 Kf6 59. Rg2 Rh7 60. Kc3 Ke5 61. Rf2 Rd7 
62. Rd2 Rf7 63. Rh2 Bd7 64. Rh5+ Bf5 65. Kd2 Kf4 66. Ke2 Bg4+ 67. Nxg4 Kxg4 
68. Re5 Kf4 69. Re8 Rh7 70. Rf8+ Ke5 71. Rd8 Rh2+ 72. Ke3 Rh3+ 73. Ke2 Rxb3 
74. Rd5+ Kf4 75. b5 Rb2+ 76. Ke1 axb5 77. cxb5 Ke3 78. Kd1 Rb4 79. Rh5 Kd3 
80. Rd5+ Rd4 81. Rh5 Kc4+ 82. Ke2 Rd5 83. Rh4 Kd4 84. Rh7 Rxb5 85. Rd7+ Kc3 
86. Ke3 Rb4 87. Rc7+ Kb3 88. Rd7 b5 89. Re7 Rc4 90. Kd2 b4 91. Re8 Ka2 
92. Ra8+ Kb2 93. Re8 b3 94. Re7 Kb1 95. Rb7 b2 96. Ra7 e3+ 97. Kd3 Rc8 
98. Rh7 e2 99. Kd4 
0-1

[Event "34th Chess Olympiad (men)"]
[Site "Istanbul"]
[Date "2000.11.12"]
[Round "14.42.1"]
[White "Bouaziz, Slim"]
[Black "Watanabe, Akira"]
[WhiteElo "2383"]
[BlackElo "2374"]
[WhiteCountry "TUN"]
[BlackCountry "JPN"]
[Result "1/2-1/2"]

1. d4 d5 2. Nf3 Nf6 3. c4 e6 4. Nc3 Be7 5. Bg5 h6 6. Bxf6 Bxf6 7. e3 O-O 
8. Rc1 a6 9. cxd5 exd5 10. Qb3 c6 11. Bd3 Nd7 12. O-O Be7 13. Qc2 Bd6 
14. h3 Nf6 15. Ne5 c5 16. f4 c4 17. Be2 b5 18. Bf3 Bb7 19. a3 Qe7 20. g4 Rad8 
21. a4 b4 22. Ne2 Rfe8 23. Ng3 Qc7 24. Qg2 Bf8 25. Rfe1 c3 26. h4 Ne4 
27. Nxe4 dxe4 28. Bd1 Bd5 29. b3 f6 30. Ng6 Qf7 31. Nxf8 Kxf8 32. Rb1 Rc8 
1/2-1/2

[Event "34th Chess Olympiad (men)"]
[Site "Istanbul"]
[Date "2000.11.12"]
[Round "14.42.2"]
[White "Matsuo, Tomohiko"]
[Black "Doghri, Nabil"]
[WhiteElo "2186"]
[BlackElo "2342"]
[WhiteCountry "JPN"]
[BlackCountry "TUN"]
[Result "1/2-1/2"]

1. e4 c5 2. Nf3 Nc6 3. d4 cxd4 4. Nxd4 e6 5. c4 Nf6 6. Nc3 Bb4 7. Nxc6 dxc6 
8. Qxd8+ Kxd8 9. f3 e5 10. Be3 Bxc3+ 11. bxc3 Be6 12. Be2 Nd7 13. O-O Kc7 
14. a4 b6 15. a5 Rhd8 16. Ra3 f6 17. Rfa1 Rab8 18. Rb1 c5 19. Bf1 Rb7 
20. g3 Nf8 21. Rab3 Kc6 22. Rb5 Nd7 23. f4 Rdb8 24. Rd1 a6 25. Rb2 Bg4 
26. Be2 Bxe2 27. Rxe2 bxa5 28. Red2 Nb6 29. Rd6+ Kc7 30. Bxc5 Nxc4 31. Rxa6 Rb1 
32. Rxb1 Rxb1+ 33. Kg2 Rb2+ 34. Kh3 h5 35. fxe5 Nxe5 36. g4 hxg4+ 37. Kg3 Nc6 
38. Ra8 Rb3 39. Kxg4 Rxc3 40. Bf2 Ne5+ 41. Kf5 Rf3+ 42. Ke6 Rxf2 43. Rxa5 Nc6 
44. Rh5 Rg2 45. Rh3 Rg4 46. Re3 Rg5 47. Kf7 Ne5+ 48. Ke6 Ng4 49. Rh3 Re5+ 
50. Kf7 Rxe4 51. Kxg7 Kd6 52. Ra3 f5 53. Kg6 Ne3 54. h4 f4 55. h5 f3 
56. Ra6+ Ke5 57. h6 Rg4+ 58. Kh5 Rg2 59. h7 Rh2+ 60. Kg6 f2 61. Rf6 Ng4 
62. Rxf2 
1/2-1/2

[Event "34th Chess Olympiad (men)"]
[Site "Istanbul"]
[Date "2000.11.12"]
[Round "14.42.3"]
[White "Bejaoui, Anis"]
[Black "Tanaka, Yuuki"]
[WhiteElo "2124"]
[BlackElo "2126"]
[WhiteCountry "TUN"]
[BlackCountry "JPN"]
[Result "1-0"]

1. e4 e5 2. Nf3 Nc6 3. Bb5 a6 4. Ba4 Nf6 5. O-O Be7 6. Re1 b5 7. Bb3 d6 
8. c3 O-O 9. h3 Re8 10. d3 h6 11. Nbd2 Bf8 12. Nf1 Bb7 13. Ng3 Na5 14. Bc2 c5 
15. Nf5 d5 16. Qe2 Qd7 17. Nh2 Rad8 18. Qf3 Re6 19. Qg3 Kh8 20. Ng4 Nxg4 
21. hxg4 Kg8 22. g5 hxg5 23. Bxg5 Rg6 24. Nh4 Rxg5 25. Qxg5 dxe4 26. dxe4 Qd2 
27. Qxd2 Rxd2 28. Rac1 Nc4 29. Nf3 Rd7 30. Rcd1 Rxd1 31. Rxd1 Nxb2 32. Rd7 Bc8 
33. Rd8 Be6 34. Nxe5 g6 35. Nd7 Bxd7 36. Rxd7 Bg7 37. Rc7 c4 38. Ra7 Bxc3 
39. Rxa6 b4 40. Kf1 Kf8 41. Ra7 Be5 42. Rb7 Bd6 43. Ke2 g5 44. e5 Bc5 
45. f3 Be7 46. g3 Ke8 47. Ke3 c3 48. Kd4 f6 49. e6 Bd6 50. g4 Be5+ 51. Kd5 
1-0

[Event "34th Chess Olympiad (men)"]
[Site "Istanbul"]
[Date "2000.11.12"]
[Round "14.42.4"]
[White "Nakamura, Ryuji"]
[Black "Bouhlel, Mohamed"]
[WhiteElo "2127"]
[BlackElo "2000"]
[WhiteCountry "JPN"]
[BlackCountry "TUN"]
[Result "0-1"]

1. d4 Nf6 2. c4 g6 3. Nc3 d5 4. cxd5 Nxd5 5. e4 Nxc3 6. bxc3 Bg7 7. Bb5+ Bd7 
8. Be2 c5 9. Nf3 Bg4 10. Be3 Nc6 11. d5 Bxc3+ 12. Bd2 Bxd2+ 13. Qxd2 Bxf3 
14. Bxf3 Nd4 15. O-O O-O 16. Rac1 b6 17. e5 Nxf3+ 18. gxf3 Qd7 19. Rfd1 Rfd8 
20. Rc4 Qf5 21. Qe3 Rd7 22. Rh4 h5 23. Kh1 Rad8 24. Rf4 Qc2 25. Rc1 Qb2 
26. e6 Rxd5 27. exf7+ Kf8 28. Re1 R8d7 29. Qe4 Qxf2 30. Qe2 Qxe1+ 31. Qxe1 Rd1 
0-1

[Event "34th Chess Olympiad (men)"]
[Site "Istanbul"]
[Date "2000.11.12"]
[Round "14.43.1"]
[White "Sarsam, Abdulla"]
[Black "David, Alberto"]
[WhiteElo "2423"]
[BlackElo "2487"]
[WhiteCountry "IRQ"]
[BlackCountry "LUX"]
[Result "0-1"]

1. e4 c5 2. Nf3 d6 3. c3 Nf6 4. Bd3 Nc6 5. Bc2 Bg4 6. d3 e6 7. Nbd2 d5 
8. h3 Bh5 9. O-O Be7 10. Re1 O-O 11. Qe2 h6 12. Nf1 Qc7 13. g4 Bg6 14. Ng3 b5 
15. Nh4 Bh7 16. Ng2 dxe4 17. dxe4 c4 18. h4 Nd7 19. Bf4 Nce5 20. Rad1 Nc5 
21. b4 cxb3 22. axb3 a6 23. Nf5 exf5 24. exf5 f6 25. Bxe5 fxe5 26. Qxe5 Ra7 
27. Nf4 Qxe5 28. Re2 Qe4 29. Rxe4 Rd8 30. Re5 Rc8 31. b4 Na4 32. Bb3+ Kh8 
33. Rde1 Bf8 34. c4 Rb7 35. c5 Rbb8 36. Be6 Rd8 37. Bb3 Nb2 38. Ne6 Rdc8 
39. Nf4 Nc4 40. R5e2 a5 41. Bxc4 bxc4 42. bxa5 Bxc5 43. a6 c3 44. Kg2 Ra8 
45. Nd3 Bg8 46. Nxc5 Rxc5 47. Re8 Rxe8 48. Rxe8 Kh7 49. g5 hxg5 50. hxg5 c2 
0-1

[Event "34th Chess Olympiad (men)"]
[Site "Istanbul"]
[Date "2000.11.12"]
[Round "14.43.2"]
[White "Mossong, Hubert"]
[Black "Ali, Mohammed"]
[WhiteElo "2213"]
[BlackElo "2307"]
[WhiteCountry "LUX"]
[BlackCountry "IRQ"]
[Result "1-0"]

1. e4 d6 2. d4 Nf6 3. Bd3 e5 4. c3 Be7 5. h3 O-O 6. Nf3 Nbd7 7. O-O c6 
8. Re1 Qc7 9. Nbd2 Re8 10. a4 Nf8 11. a5 Ng6 12. dxe5 dxe5 13. Nc4 Nd7 
14. b4 Ndf8 15. Qc2 Ne6 16. g3 Nef8 17. Kh2 Bf6 18. Be3 Be6 19. Nb2 h6 
20. Red1 Nd7 21. Qa4 Ngf8 22. Be2 Nh7 23. Rd2 Ng5 24. Nxg5 Bxg5 25. Bxg5 hxg5 
26. Qc2 g6 27. Bc4 Kg7 28. Rad1 Nf6 29. Bxe6 Rxe6 30. Nc4 Rh8 31. Kg2 Qc8 
32. Rh1 Rh5 33. f3 Qh8 34. g4 Rh4 35. Qd3 Qh6 36. Qe3 Re8 37. Qf2 Nh7 
38. Nd6 Re6 39. Nxb7 Nf8 40. Rd3 Rf6 41. Nc5 Rf4 42. Rd6 Rf6 43. Rxf6 Kxf6 
44. Qd2 Ne6 45. Qd6 Qh8 46. Nd7+ Kg7 47. Qxe5+ Kg8 48. Qxh8+ Rxh8 49. Ne5 c5 
50. b5 Nf4+ 51. Kf2 Kg7 52. Nc6 Rc8 53. Rd1 Rc7 54. Rd6 Ne6 55. a6 c4 
56. b6 axb6 57. a7 Rc8 58. Rxe6 
1-0

[Event "34th Chess Olympiad (men)"]
[Site "Istanbul"]
[Date "2000.11.12"]
[Round "14.43.3"]
[White "Araz, Mohammad"]
[Black "Wagener, Claude"]
[WhiteElo "2286"]
[BlackElo "2210"]
[WhiteCountry "IRQ"]
[BlackCountry "LUX"]
[Result "1-0"]

1. e4 e6 2. d4 d5 3. Nc3 Bb4 4. Nge2 dxe4 5. a3 Be7 6. Nxe4 Nf6 7. N2g3 Nbd7 
8. Bc4 Nxe4 9. Nxe4 Nf6 10. Qd3 Bd7 11. Nxf6+ Bxf6 12. O-O O-O 13. Bf4 Bc6 
14. Rad1 Qd7 15. Rfe1 Rac8 16. Qh3 Rfe8 17. Re3 Bb5 18. Ba2 c5 19. d5 exd5 
20. Qxd7 Bxd7 21. Bxd5 Rxe3 22. Bxe3 Bf5 23. c4 b6 24. b4 cxb4 25. axb4 Be6 
26. b5 Kf8 27. Bxe6 fxe6 28. Rc1 Be7 29. Kf1 Bd6 30. Rd1 Bc5 31. Bg5 Be7 
32. Bxe7+ Kxe7 33. Ra1 Rc7 34. Ke2 Kd6 35. Kd3 Ke5 36. Re1+ Kd6 37. Kd4 Rf7 
38. f3 g5 39. Re4 Rf5 40. h4 h6 41. h5 Rf7 42. Kc3 Rg7 43. Rd4+ Kc7 44. Rd1 Rf7 
45. Kd3 Kd6 46. Kc3+ Kc7 47. Rd2 Rg7 48. Ra2 Kd6 49. Kd4 Rf7 50. Ra6 Rf4+ 
51. Kc3 Kc5 52. Rxa7 Rxc4+ 53. Kd3 Rd4+ 54. Ke3 Rd6 55. Ke4 Kxb5 56. Ke5 Rd2 
57. g4 Re2+ 58. Kf6 Re3 59. Kg6 Rxf3 60. Kxh6 Kc4 61. Kxg5 e5 62. h6 e4 
63. h7 Rh3 64. Kg6 e3 65. Ra3 Kd4 66. Kg7 b5 67. h8=Q Rxh8 68. Kxh8 b4 
69. Ra1 b3 70. g5 b2 71. Rh1 Kd5 
1-0

[Event "34th Chess Olympiad (men)"]
[Site "Istanbul"]
[Date "2000.11.12"]
[Round "14.44.1"]
[White "Gonzalez, Bernal"]
[Black "Sosa, Luis"]
[WhiteElo "2428"]
[BlackElo "2166"]
[WhiteCountry "CRC"]
[BlackCountry "PUR"]
[Result "1-0"]

1. f4 d5 2. Nf3 Nf6 3. g3 g6 4. Bg2 Bg7 5. d3 c5 6. O-O O-O 7. Nc3 d4 
8. Ne4 Nxe4 9. dxe4 Nc6 10. e5 Qc7 11. e4 dxe3 12. Bxe3 b6 13. Qe2 a5 
14. Rfe1 Ba6 15. Qf2 Rad8 16. h4 Bc8 17. h5 gxh5 18. Nh4 Nd4 19. Be4 f5 
20. Bg2 Bb7 21. Bxd4 Rxd4 22. Bxb7 Qxb7 23. Rad1 Qd5 24. Rxd4 cxd4 25. Rd1 e6 
26. Qxd4 Qxd4+ 27. Rxd4 Rc8 28. c3 Bf8 29. Kg2 Bc5 30. Rd7 Be3 31. Re7 Rc6 
32. Nf3 h6 33. Kh3 b5 34. Rb7 b4 35. cxb4 axb4 36. Rxb4 Rc2 37. Rb3 Bc1 38. Rc3 
1-0

[Event "34th Chess Olympiad (men)"]
[Site "Istanbul"]
[Date "2000.11.12"]
[Round "14.44.2"]
[White "Santa, Torres Juan"]
[Black "Hernandez, Basante Francisco"]
[WhiteElo "2226"]
[BlackElo "2309"]
[WhiteCountry "PUR"]
[BlackCountry "CRC"]
[Result "1/2-1/2"]

1. d4 Nf6 2. c4 c5 3. d5 b5 4. cxb5 a6 5. b6 a5 6. Nc3 Ba6 7. g3 d6 8. Bg2 g6 
9. Nh3 Bg7 10. O-O O-O 11. Nf4 Nbd7 12. Qc2 Qxb6 13. h4 Rfb8 14. Rb1 Ne5 
15. Ne4 Nxe4 16. Bxe4 a4 17. h5 Bc4 18. hxg6 hxg6 19. Ra1 Bb5 20. Bd2 a3 
21. b3 c4 22. bxc4 Ba4 23. Qc1 Qd4 24. Bd3 Nxd3 25. Nxd3 Qxa1 26. Qxa1 Bxa1 
27. Rxa1 Bc2 28. Nb4 Bf5 29. f3 Ra4 30. g4 Rbxb4 31. Bxb4 Rxb4 32. gxf5 gxf5 
33. Rc1 Rb2 34. Kf2 Rxa2 35. c5 dxc5 36. Rxc5 Rd2 37. Ra5 a2 38. Ke3 Rb2 
39. Kd3 Kg7 40. Ra6 f4 41. Ke4 Rxe2+ 42. Kxf4 Kf8 43. Ra8+ Kg7 44. Ra6 f6 
45. Ra7 Kf8 46. Ra8+ Kf7 47. Kf5 Rf2 48. f4 Rd2 49. Kg4 Kg7 50. Ra7 Kg6 
51. Ra8 Kf7 52. Kf3 Kg6 53. Kg4 f5+ 54. Kh4 Rg2 55. Kh3 Rg4 56. Rxa2 Rxf4 
57. Kg3 Rd4 58. Re2 Kg5 59. Rxe7 Rd3+ 60. Kf2 Rxd5 61. Ra7 Rd4 62. Kf3 Rd3+ 
63. Kf2 Kg4 64. Rg7+ Kf4 65. Ra7 Rb3 66. Ra4+ Kg5 67. Ra8 Kg4 68. Rg8+ Kf4 
69. Ra8 Rb2+ 70. Kf1 Kg4 71. Ra4+ f4 72. Ra3 Rb1+ 73. Kf2 Rb2+ 74. Kf1 f3 
75. Ra8 
1/2-1/2

[Event "34th Chess Olympiad (men)"]
[Site "Istanbul"]
[Date "2000.11.12"]
[Round "14.45.2"]
[White "Garcia, Raul"]
[Black "Faraj, Yahya"]
[WhiteElo "2318"]
[BlackElo "2265"]
[WhiteCountry "AND"]
[BlackCountry "YEM"]
[Result "1-0"]

1. d4 d6 2. Nf3 Nf6 3. g3 g6 4. Bg2 Bg7 5. O-O O-O 6. c4 c6 7. Nc3 Bf5 
8. b3 Qc8 9. Bb2 Bh3 10. Re1 Bxg2 11. Kxg2 c5 12. e3 Na6 13. Qe2 b6 14. d5 Nc7 
15. e4 Qb7 16. Kg1 Nd7 17. Nd1 Bxb2 18. Nxb2 b5 19. e5 Rae8 20. Nd3 bxc4 
21. bxc4 Nb6 22. Rac1 Qa6 23. Nf4 Qa4 24. e6 fxe6 25. dxe6 Rf6 26. Ng5 Ref8 
27. Nf7 Kg7 28. Qg4 R8xf7 29. exf7 Kxf7 30. Nh3 h6 31. Qh4 h5 32. Ng5+ Kg7 
33. Rxe7+ Kg8 34. Rxc7 Qxa2 35. Ne4 
1-0

[Event "34th Chess Olympiad (men)"]
[Site "Istanbul"]
[Date "2000.11.12"]
[Round "14.45.3"]
[White "Al, Hadarani Hatim"]
[Black "Gallego Martinez, Ruben"]
[WhiteElo "2374"]
[BlackElo "2313"]
[WhiteCountry "YEM"]
[BlackCountry "AND"]
[Result "1/2-1/2"]

1. d4 g6 2. e4 Bg7 3. Be3 c5 4. c3 cxd4 5. cxd4 d6 6. Nc3 Nf6 7. f3 O-O 
8. Qd2 e5 9. d5 Nh5 10. g4 Nf4 11. h4 Na6 12. h5 Bd7 13. Nh3 Rc8 14. Nxf4 exf4 
15. Bd4 g5 16. h6 Bf6 17. Rh5 Nc5 18. Rd1 Re8 19. Bxf6 Qxf6 20. Qd4 Qe5 
21. b4 Na4 22. Nb5 Nb2 23. Rb1 Bxb5 24. Qxe5 Rxe5 25. Bxb5 Rc2 26. Bd7 Nc4 
27. Bf5 f6 28. Be6+ Kf8 29. Rb3 b5 30. a3 Ke8 31. Kd1 Ra2 32. Rc3 Kd8 
33. Kc1 Kc7 34. Rh3 Kb6 35. Kb1 Rb2+ 36. Ka1 Re2 37. Rh1 a6 38. Rhc1 Rh2 
39. Rxc4 bxc4 40. Rxc4 Rxh6 41. Rc6+ Kb7 42. Rxd6 Rh3 43. Bf5 Rxf3 
44. Rxf6 Rf1+ 45. Kb2 f3 46. Bxh7 Re7 47. Bg6 f2 48. d6 Re6 49. Rxe6 
1/2-1/2

[Event "34th Chess Olympiad (men)"]
[Site "Istanbul"]
[Date "2000.11.12"]
[Round "14.45.4"]
[White "Simonet, Marc"]
[Black "Al Badani, Abdo"]
[WhiteElo "2295"]
[BlackElo "2000"]
[WhiteCountry "AND"]
[BlackCountry "YEM"]
[Result "1-0"]

1. d4 d5 2. Nf3 e6 3. c4 Nf6 4. Nc3 Be7 5. cxd5 exd5 6. Bg5 O-O 7. e3 b6 
8. Bd3 c5 9. dxc5 bxc5 10. Bxf6 Bxf6 11. Nxd5 Bxb2 12. Rb1 Bf6 13. O-O Nc6 
14. Qa4 Qxd5 15. Be4 Qh5 16. Bxc6 Bf5 17. e4 Bg4 18. e5 Be7 19. Bxa8 Rxa8 
20. Qf4 Be6 21. Rb7 Bd8 22. Rfb1 g5 23. Qa4 g4 24. Qe8+ Kg7 25. Qxe6 gxf3 
26. R1b3 Rb8 27. Rxf7+ Qxf7 28. Qxf7+ Kxf7 29. Rxb8 Bb6 30. gxf3 Ke6 31. f4 c4 
32. Rc8 Kd5 33. e6 Kxe6 34. Rxc4 Kf5 35. Kg2 Kg4 36. f3+ Kh4 37. Rc6 h5 
38. Rxb6 axb6 39. a4 b5 40. a5 b4 41. a6 b3 42. a7 
1-0

[Event "34th Chess Olympiad (men)"]
[Site "Istanbul"]
[Date "2000.11.12"]
[Round "14.46.4"]
[White "Papatryfonos, Constantinos"]
[Black "Wastney, Scott"]
[WhiteElo "2000"]
[BlackElo "2219"]
[WhiteCountry "CYP"]
[BlackCountry "NZL"]
[Result "1/2-1/2"]

1. d4 Nf6 2. Nf3 g6 3. Bf4 Bg7 4. Nc3 d5 5. Qd2 Ne4 6. Nxe4 dxe4 7. Ne5 O-O 
8. O-O-O c6 9. h4 f6 10. Nc4 Be6 11. Na5 Qd7 12. h5 Kf7 13. hxg6+ hxg6 
14. e3 b6 15. Bxb8 bxa5 16. Bf4 Qd8 17. f3 exf3 18. gxf3 Qb6 19. Kb1 Rad8 
20. Bd3 f5 21. Rh7 Rh8 22. Rdh1 Rxh7 23. Rxh7 Rh8 24. Qh2 Rxh7 25. Qxh7 Qd8 
26. Be5 Qg8 27. Qxg7+ Qxg7 28. Bxg7 Kxg7 29. f4 Kf6 30. c4 g5 31. fxg5+ Kxg5 
32. Kc2 Kg4 33. Be2+ Kg3 34. Kd3 f4 35. exf4 Kxf4 36. Bd1 Bf5+ 37. Kc3 Ke3 
38. b3 Bh3 39. a3 Bf5 
1/2-1/2

[Event "34th Chess Olympiad (men)"]
[Site "Istanbul"]
[Date "2000.11.12"]
[Round "14.47.1"]
[White "Gwaze, Robert"]
[Black "Matthews, Shane"]
[WhiteElo "2256"]
[BlackElo "2258"]
[WhiteCountry "ZIM"]
[BlackCountry "JAM"]
[Result "1/2-1/2"]

1. e4 c5 2. Nf3 d6 3. d4 cxd4 4. Nxd4 Nf6 5. Nc3 a6 6. Bc4 e6 7. Bb3 b5 
8. O-O b4 9. Na4 Bd7 10. Re1 Be7 11. Be3 O-O 12. Nf3 Bxa4 13. Bxa4 Nxe4 
14. c3 bxc3 15. Bd4 cxb2 16. Bxb2 Nf6 17. Bc2 Nbd7 18. Nd4 Rc8 19. Re3 d5 
20. Rh3 Re8 21. Qd3 Bc5 22. Nb3 Ba7 23. Rc1 Ne4 24. Qe2 Ndf6 25. Rf1 e5 
26. Kh1 Qb6 27. Rf3 a5 28. Ba1 a4 29. Nc1 Qc6 30. Bxe4 dxe4 31. Rc3 Qe6 
32. Qb5 Rxc3 33. Bxc3 Bd4 34. Ne2 Bxc3 35. Nxc3 a3 36. Qa4 Qe7 37. Nxe4 Nxe4 
38. Qxe4 Qc5 39. Qa4 Rb8 40. f4 exf4 41. Qxf4 Qa7 42. h3 h6 43. Rc1 Rd8 
44. Qe4 Qf2 45. Rc2 Qd4 46. Qxd4 Rxd4 47. Rc8+ Kh7 48. Rc3 Ra4 49. Rc7 Kg6 
50. Rb7 Ra6 51. Kh2 Kf6 52. Kg3 g6 53. Kf3 Rc6 54. Rb3 Ra6 55. Rb7 h5 56. g3 g5 
57. Rb5 Rc6 58. Rb3 Ra6 59. Rb5 Kg6 60. Rb3 Ra4 61. g4 Ra6 62. Kg3 h4+ 
63. Kf3 Kf6 64. Ke4 Ke6 65. Rb5 Ra4+ 66. Ke3 Kf6 67. Rf5+ Kg6 68. Rb5 Ra6 
69. Rb3 f5 70. gxf5+ Kxf5 71. Rb5+ Kf6 72. Kf3 Rc6 73. Rb3 Ra6 74. Rb5 Ra4 
75. Rb3 Ra5 76. Kg4 Kg6 77. Rb6+ Kf7 78. Rb3 
1/2-1/2

[Event "34th Chess Olympiad (men)"]
[Site "Istanbul"]
[Date "2000.11.12"]
[Round "14.47.4"]
[White "Wheeler, Robert"]
[Black "Mangwengwende, John"]
[WhiteElo "2226"]
[BlackElo "2170"]
[WhiteCountry "JAM"]
[BlackCountry "ZIM"]
[Result "0-1"]

1. Nf3 Nf6 2. c4 g6 3. b3 Bg7 4. Bb2 d6 5. g3 O-O 6. Bg2 Nc6 7. O-O e5 
8. Nc3 Nh5 9. d3 f5 10. Qc1 h6 11. Nd5 g5 12. Ne1 f4 13. b4 a5 14. b5 Nd4 
15. Bxd4 exd4 16. b6 c6 17. Nc7 Rb8 18. Rb1 g4 19. Qd2 Qg5 20. Rb3 Rf5 
21. Qb2 fxg3 22. f4 gxh2+ 23. Kxh2 Rxf4 24. e4 Rxf1 
0-1

[Event "34th Chess Olympiad (men)"]
[Site "Istanbul"]
[Date "2000.11.12"]
[Round "14.48.1"]
[White "Al-Modiahki, Mohamad"]
[Black "Cave, Christo"]
[WhiteElo "2499"]
[BlackElo "2296"]
[WhiteCountry "QAT"]
[BlackCountry "TRI"]
[Result "1-0"]

1. e4 e6 2. d4 d5 3. Nc3 Nf6 4. Bg5 Be7 5. e5 Nfd7 6. Bxe7 Qxe7 7. Nb5 Nb6 
8. c3 a6 9. Na3 c5 10. Nc2 Nc6 11. f4 cxd4 12. Nxd4 Bd7 13. Ngf3 Nc4 
14. Bxc4 dxc4 15. Qe2 b5 16. O-O Qc5 17. Kh1 Ne7 18. Ng5 h5 19. Ne4 Qd5 
20. Rad1 Bc6 21. Nxb5 axb5 22. Rxd5 Bxd5 23. Nd6+ Kf8 24. a3 h4 25. h3 Rh6 
26. Kh2 Rg6 27. Rf2 Rg3 28. Qh5 Ng6 29. f5 exf5 30. Nxf5 Rxg2+ 31. Rxg2 Bxg2 
32. Qh7 Bd5 33. Qxg7+ Ke8 34. Qf6 Be6 35. Ng7+ 
1-0

[Event "34th Chess Olympiad (men)"]
[Site "Istanbul"]
[Date "2000.11.12"]
[Round "14.48.3"]
[White "Abdulgha Four, Yousef"]
[Black "Merrit, Mario"]
[WhiteElo "2052"]
[BlackElo "2159"]
[WhiteCountry "QAT"]
[BlackCountry "TRI"]
[Result "1-0"]

1. e4 c6 2. d3 d5 3. Nd2 e5 4. Ngf3 Qc7 5. Qe2 Nd7 6. d4 dxe4 7. Nxe4 Be7 
8. dxe5 Nxe5 9. Ng3 Nxf3+ 10. Qxf3 Nf6 11. Bf4 Qa5+ 12. Bd2 Qe5+ 13. Be2 Qxb2 
14. O-O Qxc2 15. Rfd1 Bg4 16. Qe3 Bxe2 17. Qxe2 Rd8 18. Rac1 Qd3 19. Qe1 Qd7 
20. Ba5 Qe6 21. Bxd8 Bxd8 22. Qb4 Nd5 23. Qxb7 O-O 24. Rxc6 Qe7 25. Qxe7 Nxe7 
26. Rc2 Bb6 27. a4 Rc8 28. Rxc8+ Nxc8 29. Nf5 Kf8 30. Rc1 Ne7 31. Nxe7 Kxe7 
32. Rd1 Ke6 33. Kf1 h5 34. Ra1 Kd5 35. a5 Bc5 36. a6 Kc4 37. Rb1 Bb4 
38. Ke2 Kb5 39. Kd3 h4 40. h3 Ka5 41. Kc4 Bd6 42. Kd5 Bf4 43. Kc6 f6 
44. Kb7 Be5 45. Kxa7 Bd4+ 46. Kb7 
1-0

[Event "34th Chess Olympiad (men)"]
[Site "Istanbul"]
[Date "2000.11.12"]
[Round "14.48.4"]
[White "Harper, Ryan"]
[Black "Nezad, Husein Aziz"]
[WhiteElo "2122"]
[BlackElo "2066"]
[WhiteCountry "TRI"]
[BlackCountry "QAT"]
[Result "0-1"]

1. e4 c6 2. d4 d5 3. Nc3 dxe4 4. Nxe4 Bf5 5. Ng5 h6 6. N5f3 Nd7 7. Bc4 e6 
8. Ne2 Ngf6 9. Bf4 Be7 10. O-O O-O 11. Ng3 Bg4 12. c3 Nh5 13. Be3 Qc7 
14. h3 Nxg3 15. fxg3 Bf5 16. Bf4 Bd6 17. Qe2 Nb6 18. Bxd6 Qxd6 19. Ne5 Nxc4 
20. Qxc4 Qd5 21. Qxd5 cxd5 22. Rae1 b6 23. Re3 f6 24. Nf3 h5 25. Nh2 Rac8 
26. Rfe1 Kf7 27. g4 hxg4 28. hxg4 Be4 29. Nf1 b5 30. Nd2 f5 31. Nb3 Rh8 
32. Nd2 Rh7 33. gxf5 exf5 34. Nf3 Kf6 35. Ne5 g5 36. Kf2 f4 37. R3e2 Kf5 
38. Rg1 g4 39. Ke1 b4 40. Kd2 bxc3+ 41. bxc3 Rh6 42. Nd3 Ra6 43. Ra1 Ra3 
44. Nc5 Rb8 45. Ke1 Rxc3 46. Nb3 Rg3 47. Rc1 Rxg2 48. Rxg2 Bxg2 49. Kf2 Be4 
50. Rc7 g3+ 51. Kf1 f3 52. Nd2 Rb2 53. Rg7 g2+ 54. Ke1 Rxd2 
0-1